[Event "U14 Polish Youth Championship"]
[Site "chess24.com"]
[Date "2018.04.29"]
[Round "1"]
[White "Topola, Rafal"]
[Black "Redzisz, Michal"]
[Result "1-0"]
[Board "10"]
[WhiteElo "1660"]
[WhiteCountry "POL"]
[WhiteFideId "21830533"]
[WhiteEloChange "17"]
[BlackElo "1950"]
[BlackCountry "POL"]
[BlackFideId "21816107"]
[BlackEloChange "-17"]

1. e4 {[%clk 1:30:57]} c5 {[%clk 1:30:55]} 2. Nf3 {[%clk 1:31:23]} d6 {[%clk
1:31:21]} 3. d4 {[%clk 1:31:47]} cxd4 {[%clk 1:31:49]} 4. Nxd4 {[%clk 1:32:13]}
Nf6 {[%clk 1:32:17]} 5. Nc3 {[%clk 1:32:24]} g6 {[%clk 1:32:44]} 6. Bc4 {[%clk
1:32:47]} Bg7 {[%clk 1:33:09]} 7. Bb3 {[%clk 1:33:10]} O-O {[%clk 1:33:25]} 8.
O-O {[%clk 1:33:14]} Nc6 {[%clk 1:33:42]} 9. Re1 {[%clk 1:32:45]} Bd7 {[%clk
1:18:09]} 10. h3 {[%clk 1:04:14]} Rc8 {[%clk 1:11:01]} 11. Be3 {[%clk 1:03:45]}
a6 {[%clk 1:08:24]} 12. Nxc6 {[%clk 1:01:08]} Bxc6 {[%clk 1:07:09]} 13. Bd4
{[%clk 0:59:20]} e5 {[%clk 0:57:22]} 14. Be3 {[%clk 0:59:39]} Nxe4 {[%clk
0:57:29]} 15. Nxe4 {[%clk 0:55:49]} Bxe4 {[%clk 0:57:56]} 16. Qd2 {[%clk
0:56:12]} Bc6 {[%clk 0:47:00]} 17. Rad1 {[%clk 0:54:22]} d5 {[%clk 0:45:08]} 18.
c3 {[%clk 0:54:26]} Qc7 {[%clk 0:28:09]} 19. Bxd5 {[%clk 0:50:40]} Rfd8 {[%clk
0:28:35]} 20. c4 {[%clk 0:50:59]} Rd7 {[%clk 0:23:32]} 21. Qb4 {[%clk 0:49:18]}
Bxd5 {[%clk 0:22:12]} 22. cxd5 {[%clk 0:49:36]} Bf8 {[%clk 0:22:05]} 23. Qa4
{[%clk 0:41:24]} Qd6 {[%clk 0:19:19]} 24. a3 {[%clk 0:29:09]} b5 {[%clk 0:18:09]}
25. Qa5 {[%clk 0:21:40]} Be7 {[%clk 0:13:32]} 26. Qd2 {[%clk 0:12:06]} Rdc7
{[%clk 0:10:30]} 27. Rc1 {[%clk 0:10:11]} Rxc1 {[%clk 0:08:39]} 28. Rxc1 {[%clk
0:10:39]} Rxc1+ {[%clk 0:09:05]} 29. Qxc1 {[%clk 0:11:02]} Qxd5 {[%clk 0:09:29]}
30. Qc8+ {[%clk 0:11:24]} Kg7 {[%clk 0:09:52]} 31. Qxa6 {[%clk 0:11:11]} Qb3
{[%clk 0:09:06]} 32. Qb7 {[%clk 0:11:05]} Bf6 {[%clk 0:06:10]} 33. Kh2 {[%clk
0:06:09]} h5 {[%clk 0:01:28]} 34. Qb6 {[%clk 0:04:43]} Be7 {[%clk 0:00:42]} 35.
Qc7 {[%clk 0:04:50]} Qe6 {[%clk 0:00:35]} 36. Qb7 {[%clk 0:04:28]} e4 {[%clk
0:00:34]} 37. Qxb5 {[%clk 0:03:18]} Bd6+ {[%clk 0:00:35]} 38. Kg1 {[%clk
0:03:37]} Qa2 {[%clk 0:00:34]} 39. Bd4+ {[%clk 0:03:47]} Kh7 {[%clk 0:00:59]} 40.
Qf1 {[%clk 0:03:37]} Qb3 {[%clk 0:00:58]} 41. Qe2 {[%clk 0:03:31]} f5 {[%clk
0:00:54]} 42. Bf6 {[%clk 0:03:20]} Bb8 {[%clk 0:00:33]} 43. Qd2 {[%clk 0:03:30]}
Qe6 {[%clk 0:00:41]} 44. Qd8 {[%clk 0:03:32]} Qg8 {[%clk 0:00:37]} 45. Qe7+
{[%clk 0:03:47]} Kh6 {[%clk 0:01:04]} 46. Bg5# {[%clk 0:04:10]} 1-0

[Event "U14 Polish Youth Championship"]
[Site "chess24.com"]
[Date "2018.04.29"]
[Round "1"]
[White "Dzida, Kamil"]
[Black "Kozlowski, Michal"]
[Result "0-1"]
[Board "11"]
[WhiteElo "1938"]
[WhiteCountry "POL"]
[WhiteFideId "21828652"]
[WhiteEloChange "-17"]
[BlackElo "1648"]
[BlackCountry "POL"]
[BlackFideId "21838194"]
[BlackEloChange "17"]

1. e4 {[%clk 1:30:58]} c5 {[%clk 1:30:53]} 2. Nf3 {[%clk 1:31:21]} Nc6 {[%clk
1:31:16]} 3. Bb5 {[%clk 1:31:48]} e6 {[%clk 1:31:41]} 4. O-O {[%clk 1:31:35]}
Nge7 {[%clk 1:31:19]} 5. c3 {[%clk 1:30:17]} a6 {[%clk 1:23:32]} 6. Bxc6 {[%clk
1:29:32]} Nxc6 {[%clk 1:23:42]} 7. d4 {[%clk 1:29:48]} cxd4 {[%clk 1:23:43]} 8.
cxd4 {[%clk 1:30:11]} d5 {[%clk 1:23:30]} 9. exd5 {[%clk 1:29:48]} exd5 {[%clk
1:23:54]} 10. Bg5 {[%clk 1:29:49]} f6 {[%clk 1:24:05]} 11. Bf4 {[%clk 1:29:37]}
Be7 {[%clk 1:24:18]} 12. Nc3 {[%clk 1:29:33]} Bg4 {[%clk 1:19:27]} 13. Re1 {[%clk
1:26:54]} O-O {[%clk 1:15:51]} 14. h3 {[%clk 1:26:29]} Bh5 {[%clk 1:12:37]} 15.
g4 {[%clk 1:22:02]} Bf7 {[%clk 1:12:41]} 16. Na4 {[%clk 1:15:11]} Bd6 {[%clk
1:05:41]} 17. Bxd6 {[%clk 1:13:00]} Qxd6 {[%clk 1:06:03]} 18. Qd2 {[%clk
1:13:24]} Rfe8 {[%clk 1:00:58]} 19. Nc5 {[%clk 1:12:15]} b6 {[%clk 1:00:26]} 20.
Nd3 {[%clk 1:11:49]} Re4 {[%clk 0:53:49]} 21. Qc3 {[%clk 1:08:57]} Rae8 {[%clk
0:44:54]} 22. Rac1 {[%clk 1:07:12]} Na5 {[%clk 0:36:09]} 23. b3 {[%clk 1:07:21]}
h5 {[%clk 0:30:06]} 24. g5 {[%clk 1:00:58]} Qd7 {[%clk 0:29:34]} 25. Kg2 {[%clk
0:53:47]} Qf5 {[%clk 0:17:38]} 26. Qc7 {[%clk 0:48:57]} Rxe1 {[%clk 0:10:27]} 27.
Ndxe1 {[%clk 0:46:03]} Re6 {[%clk 0:06:06]} 28. gxf6 {[%clk 0:46:03]} gxf6 {[%clk
0:05:00]} 29. Qb8+ {[%clk 0:38:16]} Kh7 {[%clk 0:04:58]} 30. Qg3 {[%clk 0:35:03]}
Qg6 {[%clk 0:04:36]} 31. Rc7 {[%clk 0:32:27]} Qxg3+ {[%clk 0:04:51]} 32. fxg3
{[%clk 0:32:51]} Kg8 {[%clk 0:05:13]} 33. Kf2 {[%clk 0:32:50]} Bg6 {[%clk
0:05:30]} 34. Ng2 {[%clk 0:31:55]} Rc6 {[%clk 0:05:22]} 35. Rxc6 {[%clk 0:32:10]}
Nxc6 {[%clk 0:05:47]} 36. Nf4 {[%clk 0:32:36]} Bf7 {[%clk 0:06:12]} 37. Ke3
{[%clk 0:32:10]} Kf8 {[%clk 0:04:47]} 38. Nh4 {[%clk 0:23:38]} Ne7 {[%clk
0:04:59]} 39. Nd3 {[%clk 0:23:28]} Be6 {[%clk 0:04:32]} 40. Nf4 {[%clk 0:23:40]}
Bf7 {[%clk 0:05:00]} 41. g4 {[%clk 0:24:09]} hxg4 {[%clk 0:04:15]} 42. hxg4
{[%clk 0:24:31]} Kg7 {[%clk 0:04:01]} 43. Nh3 {[%clk 0:22:36]} Bg6 {[%clk
0:03:24]} 44. a4 {[%clk 0:20:43]} Bc2 {[%clk 0:03:15]} 45. b4 {[%clk 0:21:04]}
Bxa4 {[%clk 0:03:17]} 46. Nf4 {[%clk 0:21:27]} Bd7 {[%clk 0:03:31]} 47. Kf3
{[%clk 0:20:38]} a5 {[%clk 0:03:54]} 48. bxa5 {[%clk 0:21:04]} bxa5 {[%clk
0:04:20]} 49. Nd3 {[%clk 0:21:29]} Nc6 {[%clk 0:04:20]} 50. Nc5 {[%clk 0:21:35]}
Bc8 {[%clk 0:04:36]} 51. Ke3 {[%clk 0:21:20]} Bxg4 {[%clk 0:04:57]} 52. Ng2
{[%clk 0:21:47]} Bh5 {[%clk 0:04:57]} 53. Nf4 {[%clk 0:21:59]} Bf7 {[%clk
0:05:23]} 54. Na4 {[%clk 0:22:20]} Nb4 {[%clk 0:05:47]} 55. Nc5 {[%clk 0:22:41]}
Be8 {[%clk 0:05:31]} 56. Nfe6+ {[%clk 0:22:51]} Kh6 {[%clk 0:05:38]} 57. Kd2
{[%clk 0:22:46]} f5 {[%clk 0:05:43]} 58. Kc3 {[%clk 0:22:58]} Nc6 {[%clk
0:05:28]} 59. Kd2 {[%clk 0:23:00]} Bf7 {[%clk 0:05:17]} 60. Kc3 {[%clk 0:23:20]}
Bxe6 {[%clk 0:05:29]} 0-1

[Event "U14 Polish Youth Championship"]
[Site "chess24.com"]
[Date "2018.04.29"]
[Round "1"]
[White "Majdanski, Maksymilian"]
[Black "Oborski, Artur"]
[Result "1-0"]
[Board "12"]
[WhiteElo "1626"]
[WhiteCountry "POL"]
[WhiteFideId "21820570"]
[WhiteEloChange "17"]
[BlackElo "1921"]
[BlackCountry "POL"]
[BlackFideId "21844810"]
[BlackEloChange "-17"]

1. d4 {[%clk 1:30:56]} d5 {[%clk 1:30:49]} 2. Nf3 {[%clk 1:31:08]} Nf6 {[%clk
1:31:12]} 3. c4 {[%clk 1:31:24]} e6 {[%clk 1:31:35]} 4. Bg5 {[%clk 1:31:29]} Nbd7
{[%clk 1:31:43]} 5. Nc3 {[%clk 1:31:30]} c6 {[%clk 1:32:05]} 6. e3 {[%clk
1:30:48]} Qa5 {[%clk 1:32:23]} 7. Bxf6 {[%clk 1:21:01]} Nxf6 {[%clk 1:32:43]} 8.
Nd2 {[%clk 1:19:24]} Be7 {[%clk 1:28:31]} 9. Bd3 {[%clk 1:18:54]} O-O {[%clk
1:27:34]} 10. O-O {[%clk 1:18:11]} dxc4 {[%clk 1:25:04]} 11. Nxc4 {[%clk
1:16:59]} Qc7 {[%clk 1:25:22]} 12. Rc1 {[%clk 1:13:49]} Bd7 {[%clk 1:12:09]} 13.
a3 {[%clk 1:11:44]} Rfd8 {[%clk 1:09:52]} 14. b4 {[%clk 1:10:29]} Be8 {[%clk
1:03:04]} 15. Qc2 {[%clk 1:06:22]} Rac8 {[%clk 0:58:23]} 16. f4 {[%clk 1:01:06]}
g6 {[%clk 0:55:33]} 17. Rf3 {[%clk 0:56:58]} b6 {[%clk 0:51:51]} 18. Ne5 {[%clk
0:51:50]} Qb7 {[%clk 0:45:22]} 19. Qe2 {[%clk 0:49:42]} Rc7 {[%clk 0:41:20]} 20.
g4 {[%clk 0:38:16]} a5 {[%clk 0:23:17]} 21. bxa5 {[%clk 0:28:09]} bxa5 {[%clk
0:18:37]} 22. a4 {[%clk 0:24:45]} Nd5 {[%clk 0:15:22]} 23. Nxd5 {[%clk 0:17:24]}
cxd5 {[%clk 0:15:26]} 24. Rxc7 {[%clk 0:17:23]} Qxc7 {[%clk 0:15:49]} 25. Bb5
{[%clk 0:17:49]} f6 {[%clk 0:12:52]} 26. Bxe8 {[%clk 0:15:05]} Rxe8 {[%clk
0:13:12]} 27. Qb5 {[%clk 0:11:55]} Rb8 {[%clk 0:13:04]} 28. Qc6 {[%clk 0:11:55]}
Rc8 {[%clk 0:12:50]} 29. Qxe6+ {[%clk 0:11:45]} Kh8 {[%clk 0:12:11]} 30. Nd3
{[%clk 0:08:46]} Qb7 {[%clk 0:06:26]} 31. Rf1 {[%clk 0:07:46]} Rc3 {[%clk
0:05:25]} 32. Nc5 {[%clk 0:06:34]} Bxc5 {[%clk 0:05:07]} 33. dxc5 {[%clk
0:06:48]} Rxc5 {[%clk 0:05:16]} 34. Qxf6+ {[%clk 0:07:11]} Kg8 {[%clk 0:04:15]}
35. f5 {[%clk 0:06:14]} Rc4 {[%clk 0:01:37]} 36. h3 {[%clk 0:04:04]} Qc7 {[%clk
0:00:57]} 37. Qe6+ {[%clk 0:03:22]} Qf7 {[%clk 0:01:20]} 38. Qb6 {[%clk 0:02:37]}
Qc7 {[%clk 0:01:15]} 39. Qxc7 {[%clk 0:02:42]} Rxc7 {[%clk 0:01:37]} 40. fxg6
{[%clk 0:03:10]} hxg6 {[%clk 0:01:59]} 41. Rf6 {[%clk 0:03:34]} Rc4 {[%clk
0:00:37]} 42. Rxg6+ {[%clk 0:03:53]} Kh7 {[%clk 0:00:52]} 43. Rg5 {[%clk
0:03:15]} Rxa4 {[%clk 0:00:48]} 44. Rxd5 {[%clk 0:03:40]} Ra2 {[%clk 0:00:49]}
45. e4 {[%clk 0:03:27]} a4 {[%clk 0:01:13]} 46. Ra5 {[%clk 0:03:30]} Ra3 {[%clk
0:00:55]} 47. Kg2 {[%clk 0:03:09]} Ra1 {[%clk 0:00:51]} 48. e5 {[%clk 0:02:21]}
a3 {[%clk 0:01:01]} 49. e6 {[%clk 0:02:04]} Re1 {[%clk 0:00:52]} 50. Rxa3 {[%clk
0:02:24]} Rxe6 {[%clk 0:01:16]} 51. Kg3 {[%clk 0:02:47]} Kg6 {[%clk 0:01:26]} 52.
h4 {[%clk 0:03:05]} Rd6 {[%clk 0:01:46]} 53. h5+ {[%clk 0:02:53]} Kg5 {[%clk
0:02:07]} 54. Ra5+ {[%clk 0:03:16]} Kh6 {[%clk 0:02:31]} 55. Kh4 {[%clk 0:03:31]}
Rd4 {[%clk 0:02:53]} 56. Ra6+ {[%clk 0:03:49]} Kg7 {[%clk 0:03:03]} 57. h6+
{[%clk 0:03:28]} Kf7 {[%clk 0:02:47]} 58. Kh5 {[%clk 0:03:27]} Rd1 {[%clk
0:01:18]} 59. Ra7+ {[%clk 0:03:06]} Kg8 {[%clk 0:01:20]} 60. g5 {[%clk 0:01:53]}
Rd5 {[%clk 0:01:22]} 61. Kg6 {[%clk 0:01:31]} Rd6+ {[%clk 0:01:33]} 62. Kf5
{[%clk 0:01:54]} Rd5+ {[%clk 0:01:12]} 63. Kf6 {[%clk 0:01:48]} Rd6+ {[%clk
0:01:33]} 64. Ke5 {[%clk 0:01:33]} Rb6 {[%clk 0:01:56]} 65. Rd7 {[%clk 0:01:29]}
Rg6 {[%clk 0:00:37]} 66. Kf5 {[%clk 0:01:44]} Ra6 {[%clk 0:00:56]} 67. g6 {[%clk
0:00:39]} 1-0

[Event "U14 Polish Youth Championship"]
[Site "chess24.com"]
[Date "2018.04.29"]
[Round "1"]
[White "Suder, Jakub"]
[Black "Wysocki, Mateusz"]
[Result "1/2-1/2"]
[Board "13"]
[WhiteElo "1895"]
[WhiteCountry "POL"]
[WhiteFideId "1195310"]
[WhiteEloChange "-6"]
[BlackElo "1626"]
[BlackCountry "POL"]
[BlackFideId "21810621"]
[BlackEloChange "6"]

1. d4 {[%clk 1:30:47]} Nf6 {[%clk 1:30:44]} 2. c4 {[%clk 1:31:10]} g6 {[%clk
1:31:02]} 3. Nc3 {[%clk 1:31:32]} Bg7 {[%clk 1:31:26]} 4. e4 {[%clk 1:31:55]} d6
{[%clk 1:31:53]} 5. Nf3 {[%clk 1:32:12]} O-O {[%clk 1:31:42]} 6. Be2 {[%clk
1:32:26]} e5 {[%clk 1:29:29]} 7. O-O {[%clk 1:32:39]} Nc6 {[%clk 1:28:47]} 8. d5
{[%clk 1:33:02]} Ne7 {[%clk 1:27:37]} 9. Ne1 {[%clk 1:33:17]} Nd7 {[%clk
1:27:56]} 10. Be3 {[%clk 1:33:39]} f5 {[%clk 1:27:06]} 11. f3 {[%clk 1:34:03]} f4
{[%clk 1:23:16]} 12. Bf2 {[%clk 1:34:27]} g5 {[%clk 1:19:19]} 13. Rc1 {[%clk
1:34:47]} h5 {[%clk 1:11:23]} 14. c5 {[%clk 1:32:05]} a6 {[%clk 1:03:42]} 15. Qb3
{[%clk 1:25:12]} b6 {[%clk 0:47:03]} 16. cxd6 {[%clk 1:19:35]} cxd6 {[%clk
0:47:26]} 17. Qa3 {[%clk 1:18:39]} Nf6 {[%clk 0:44:18]} 18. Nd3 {[%clk 1:11:12]}
a5 {[%clk 0:38:44]} 19. Nb5 {[%clk 1:06:05]} Ne8 {[%clk 0:39:01]} 20. Nb4 {[%clk
1:05:55]} Rb8 {[%clk 0:32:49]} 21. Nc6 {[%clk 1:05:51]} Nxc6 {[%clk 0:32:37]} 22.
dxc6 {[%clk 1:06:00]} Nc7 {[%clk 0:32:12]} 23. Bc4+ {[%clk 1:05:05]} Kh7 {[%clk
0:31:26]} 24. Rfd1 {[%clk 1:04:39]} Rf6 {[%clk 0:30:22]} 25. Rxd6 {[%clk
1:03:41]} Rxd6 {[%clk 0:27:49]} 26. Qxd6 {[%clk 1:04:03]} Qxd6 {[%clk 0:28:02]}
27. Nxd6 {[%clk 1:04:30]} b5 {[%clk 0:27:31]} 28. Bf7 {[%clk 1:04:00]} Kh6 {[%clk
0:27:39]} 29. Ba7 {[%clk 1:02:32]} Ra8 {[%clk 0:26:52]} 30. Bb6 {[%clk 1:02:56]}
Na6 {[%clk 0:26:10]} 31. Nxc8 {[%clk 1:03:06]} Rxc8 {[%clk 0:26:33]} 32. c7
{[%clk 1:03:28]} Nxc7 {[%clk 0:26:34]} 33. Rxc7 {[%clk 1:03:40]} Rb8 {[%clk
0:26:22]} 34. Rc6+ {[%clk 1:03:47]} Kh7 {[%clk 0:26:48]} 35. Bxh5 {[%clk
1:04:02]} Bf8 {[%clk 0:27:01]} 36. Bg6+ {[%clk 1:04:20]} Kg8 {[%clk 0:26:45]} 37.
h4 {[%clk 1:04:32]} Rxb6 {[%clk 0:25:49]} 38. Rxb6 {[%clk 1:02:45]} Bc5+ {[%clk
0:26:00]} 39. Kh2 {[%clk 1:02:30]} Bxb6 {[%clk 0:26:28]} 40. hxg5 {[%clk
1:01:47]} Bd8 {[%clk 0:26:08]} 41. Be8 {[%clk 1:02:00]} Bxg5 {[%clk 0:26:06]} 42.
Bxb5 {[%clk 1:02:22]} Kf7 {[%clk 0:25:57]} 43. Bc4+ {[%clk 0:58:42]} Ke7 {[%clk
0:25:41]} 44. Kh3 {[%clk 0:55:51]} Kd6 {[%clk 0:24:27]} 45. Kg4 {[%clk 0:55:47]}
Bd8 {[%clk 0:24:52]} 46. Kf5 {[%clk 0:55:08]} Bh4 {[%clk 0:21:50]} 47. Bd5 {[%clk
0:52:36]} Bf2 {[%clk 0:20:48]} 48. Kg4 {[%clk 0:52:39]} Bd4 {[%clk 0:20:57]} 49.
b3 {[%clk 0:52:56]} Bf2 {[%clk 0:20:32]} 50. Bc4 {[%clk 0:52:58]} Kc5 {[%clk
0:20:27]} 51. Bf7 {[%clk 0:52:58]} Be1 {[%clk 0:20:32]} 52. a3 {[%clk 0:52:42]}
Bf2 {[%clk 0:20:20]} 53. Kf5 {[%clk 0:52:12]} Bd4 {[%clk 0:20:41]} 54. Bd5 {[%clk
0:51:35]} Bc3 {[%clk 0:20:33]} 55. Bf7 {[%clk 0:51:04]} Bd4 {[%clk 0:20:46]} 56.
Ke6 {[%clk 0:51:05]} Bb2 {[%clk 0:20:50]} 57. Be8 {[%clk 0:48:38]} Bc3 {[%clk
0:20:07]} 58. Bd7 {[%clk 0:48:09]} Bb2 {[%clk 0:20:26]} 59. Be8 {[%clk 0:46:56]}
Bc3 {[%clk 0:20:24]} 60. Kf5 {[%clk 0:47:11]} Bd4 {[%clk 0:20:31]} 61. Bd7 {[%clk
0:46:42]} Bc3 {[%clk 0:20:52]} 62. Bc8 {[%clk 0:46:33]} Bd4 {[%clk 0:20:27]} 63.
Ba6 {[%clk 0:46:27]} Bc3 {[%clk 0:20:19]} 64. Bf1 {[%clk 0:46:34]} Kd4 {[%clk
0:19:29]} 65. g4 {[%clk 0:41:31]} fxg3 {[%clk 0:19:45]} 66. f4 {[%clk 0:41:22]}
exf4 {[%clk 0:12:33]} 67. Kxf4 {[%clk 0:41:42]} Bd2+ {[%clk 0:12:02]} 68. Kf5
{[%clk 0:41:24]} Bh6 {[%clk 0:12:06]} 69. e5 {[%clk 0:41:37]} Bf8 {[%clk
0:12:31]} 70. b4 {[%clk 0:40:09]} axb4 {[%clk 0:12:54]} 71. axb4 {[%clk 0:40:35]}
Bxb4 {[%clk 0:13:19]} 1/2-1/2

[Event "U14 Polish Youth Championship"]
[Site "chess24.com"]
[Date "2018.04.29"]
[Round "1"]
[White "Wasik, Mateusz"]
[Black "Grzesik, Gracjan"]
[Result "1/2-1/2"]
[Board "14"]
[WhiteElo "1624"]
[WhiteCountry "POL"]
[WhiteFideId "21867666"]
[WhiteEloChange "6"]
[BlackElo "1884"]
[BlackCountry "POL"]
[BlackFideId "1194593"]
[BlackEloChange "-6"]

1. d4 {[%clk 1:30:57]} d5 {[%clk 1:30:48]} 2. Bf4 {[%clk 1:31:18]} Nf6 {[%clk
1:30:53]} 3. e3 {[%clk 1:31:39]} e6 {[%clk 1:30:39]} 4. Nf3 {[%clk 1:31:40]} b6
{[%clk 1:29:22]} 5. Bd3 {[%clk 1:30:00]} Bb7 {[%clk 1:28:48]} 6. O-O {[%clk
1:30:08]} Bd6 {[%clk 1:27:00]} 7. Bg3 {[%clk 1:30:24]} O-O {[%clk 1:24:21]} 8.
Nbd2 {[%clk 1:26:27]} Bxg3 {[%clk 1:22:52]} 9. hxg3 {[%clk 1:26:49]} Nbd7 {[%clk
1:19:18]} 10. c4 {[%clk 1:26:20]} Ne4 {[%clk 1:16:10]} 11. Qc2 {[%clk 1:25:44]}
f5 {[%clk 1:13:04]} 12. cxd5 {[%clk 1:25:32]} exd5 {[%clk 1:12:43]} 13. b4 {[%clk
1:24:08]} c6 {[%clk 1:05:08]} 14. Rfc1 {[%clk 1:22:11]} Qe7 {[%clk 1:03:37]} 15.
Qb3 {[%clk 1:20:54]} Kh8 {[%clk 1:00:44]} 16. Nb1 {[%clk 1:19:37]} Nxg3 {[%clk
0:44:29]} 17. Nc3 {[%clk 1:17:56]} Ne4 {[%clk 0:37:21]} 18. b5 {[%clk 1:17:03]}
c5 {[%clk 0:26:58]} 19. Nxd5 {[%clk 1:13:14]} Qd6 {[%clk 0:26:24]} 20. Nf4 {[%clk
1:04:20]} cxd4 {[%clk 0:21:07]} 21. Nxd4 {[%clk 1:00:47]} Ndc5 {[%clk 0:20:46]}
22. Qd1 {[%clk 1:00:00]} Qf6 {[%clk 0:17:14]} 23. Bc4 {[%clk 0:46:31]} Rad8
{[%clk 0:15:15]} 24. Qe2 {[%clk 0:44:33]} Rfe8 {[%clk 0:12:53]} 25. a4 {[%clk
0:42:22]} Ng5 {[%clk 0:07:14]} 26. Rd1 {[%clk 0:37:49]} Nge4 {[%clk 0:06:10]} 27.
Qc2 {[%clk 0:35:46]} Rc8 {[%clk 0:05:11]} 28. Rac1 {[%clk 0:35:10]} g6 {[%clk
0:02:57]} 29. Qa2 {[%clk 0:32:31]} Ng5 {[%clk 0:01:50]} 30. a5 {[%clk 0:32:19]}
Nge4 {[%clk 0:01:30]} 1/2-1/2

[Event "U14 Polish Youth Championship"]
[Site "chess24.com"]
[Date "2018.04.29"]
[Round "1"]
[White "Luberanski, Jakub"]
[Black "Haliniak, Wojciech"]
[Result "1/2-1/2"]
[Board "15"]
[WhiteElo "1880"]
[WhiteCountry "POL"]
[WhiteFideId "21830509"]
[WhiteEloChange "-6"]
[BlackElo "1614"]
[BlackCountry "POL"]
[BlackFideId "21838461"]
[BlackEloChange "6"]

1. e4 {[%clk 1:30:30]} Nf6 {[%clk 1:30:56]} 2. e5 {[%clk 1:30:56]} Nd5 {[%clk
1:31:22]} 3. d4 {[%clk 1:31:11]} d6 {[%clk 1:31:41]} 4. Nf3 {[%clk 1:30:57]} Bg4
{[%clk 1:31:36]} 5. Be2 {[%clk 1:30:26]} Nc6 {[%clk 1:30:42]} 6. c4 {[%clk
1:27:00]} Nb6 {[%clk 1:31:02]} 7. exd6 {[%clk 1:26:55]} cxd6 {[%clk 1:31:28]} 8.
d5 {[%clk 1:22:04]} Bxf3 {[%clk 1:29:20]} 9. Bxf3 {[%clk 1:22:22]} Ne5 {[%clk
1:29:43]} 10. b3 {[%clk 1:22:28]} g6 {[%clk 1:29:24]} 11. Bb2 {[%clk 1:21:19]}
Bg7 {[%clk 1:29:30]} 12. Nc3 {[%clk 1:21:22]} O-O {[%clk 1:27:58]} 13. O-O {[%clk
1:21:41]} Qd7 {[%clk 1:26:58]} 14. g3 {[%clk 1:09:34]} f5 {[%clk 1:21:46]} 15.
Bg2 {[%clk 0:57:26]} f4 {[%clk 1:16:06]} 16. Re1 {[%clk 0:56:39]} fxg3 {[%clk
1:08:52]} 17. fxg3 {[%clk 0:56:16]} Qf5 {[%clk 1:08:17]} 18. Qe2 {[%clk 0:43:03]}
Nf3+ {[%clk 1:02:03]} 19. Bxf3 {[%clk 0:43:15]} Qxf3 {[%clk 1:02:17]} 20. Qxf3
{[%clk 0:42:57]} Rxf3 {[%clk 1:02:40]} 21. Nd1 {[%clk 0:39:49]} Rf7 {[%clk
0:53:50]} 22. Bxg7 {[%clk 0:38:30]} Kxg7 {[%clk 0:53:15]} 23. Nb2 {[%clk
0:36:48]} Re8 {[%clk 0:51:30]} 24. Re4 {[%clk 0:35:24]} e5 {[%clk 0:42:25]} 25.
dxe6 {[%clk 0:31:41]} Rfe7 {[%clk 0:38:09]} 26. Rae1 {[%clk 0:29:52]} g5 {[%clk
0:34:53]} 27. Nd3 {[%clk 0:21:14]} Kf6 {[%clk 0:32:59]} 28. Rf1+ {[%clk 0:21:33]}
Kg6 {[%clk 0:33:15]} 29. Rfe1 {[%clk 0:20:47]} Kf6 {[%clk 0:32:43]} 30. c5 {[%clk
0:18:06]} Nc8 {[%clk 0:31:55]} 31. Nb4 {[%clk 0:08:55]} Rxe6 {[%clk 0:30:38]} 32.
Nd5+ {[%clk 0:08:49]} Kf7 {[%clk 0:29:20]} 33. Rf1+ {[%clk 0:08:38]} Kg7 {[%clk
0:24:17]} 34. Rb4 {[%clk 0:08:28]} dxc5 {[%clk 0:20:02]} 35. Rxb7+ {[%clk
0:08:53]} Kg6 {[%clk 0:19:58]} 36. g4 {[%clk 0:02:13]} Rd8 {[%clk 0:17:49]} 37.
Nc3 {[%clk 0:01:35]} Rd4 {[%clk 0:11:07]} 38. h3 {[%clk 0:01:17]} Rd3 {[%clk
0:07:14]} 39. Rc7 {[%clk 0:01:01]} Ne7 {[%clk 0:05:29]} 40. Rxc5 {[%clk 0:00:53]}
Ree3 {[%clk 0:03:24]} 41. Nb5 {[%clk 0:00:39]} Rg3+ {[%clk 0:03:31]} 42. Kf2
{[%clk 0:00:52]} Rgf3+ {[%clk 0:03:49]} 43. Ke2 {[%clk 0:01:09]} Rfe3+ {[%clk
0:04:14]} 44. Kf2 {[%clk 0:01:25]} Rf3+ {[%clk 0:04:32]} 45. Ke1 {[%clk 0:00:56]}
Rfe3+ {[%clk 0:04:55]} 46. Kf2 {[%clk 0:01:23]} Rf3+ {[%clk 0:04:55]} 1/2-1/2

[Event "U14 Polish Youth Championship"]
[Site "chess24.com"]
[Date "2018.04.29"]
[Round "1"]
[White "Kujawa, Krzysztof"]
[Black "Koziorowicz, Michal"]
[Result "0-1"]
[Board "16"]
[WhiteElo "1595"]
[WhiteCountry "POL"]
[WhiteFideId "1194500"]
[WhiteEloChange "-4"]
[BlackElo "1860"]
[BlackCountry "POL"]
[BlackFideId "21809194"]
[BlackEloChange "4"]

1. e4 {[%clk 1:30:57]} c5 {[%clk 1:30:56]} 2. Nf3 {[%clk 1:31:19]} d6 {[%clk
1:31:22]} 3. d4 {[%clk 1:31:41]} cxd4 {[%clk 1:31:48]} 4. Nxd4 {[%clk 1:32:07]}
Nf6 {[%clk 1:32:12]} 5. Nc3 {[%clk 1:32:27]} g6 {[%clk 1:32:39]} 6. Be3 {[%clk
1:32:35]} Bg7 {[%clk 1:33:08]} 7. f3 {[%clk 1:32:38]} O-O {[%clk 1:33:34]} 8. Qd2
{[%clk 1:32:48]} Nc6 {[%clk 1:34:00]} 9. Bc4 {[%clk 1:33:03]} Bd7 {[%clk
1:34:29]} 10. O-O-O {[%clk 1:33:15]} Rc8 {[%clk 1:34:56]} 11. Bb3 {[%clk
1:33:18]} Ne5 {[%clk 1:35:19]} 12. Kb1 {[%clk 1:31:30]} a6 {[%clk 1:35:45]} 13.
g4 {[%clk 1:23:50]} b5 {[%clk 1:36:07]} 14. h4 {[%clk 1:22:05]} b4 {[%clk
1:32:38]} 15. Nd5 {[%clk 1:15:19]} Nxd5 {[%clk 1:33:01]} 16. Bxd5 {[%clk
1:15:42]} e6 {[%clk 1:33:22]} 17. Bb3 {[%clk 1:04:05]} a5 {[%clk 1:31:40]} 18. h5
{[%clk 0:58:58]} a4 {[%clk 1:14:00]} 19. hxg6 {[%clk 0:58:25]} axb3 {[%clk
1:13:57]} 20. Rxh7 {[%clk 0:51:38]} bxc2+ {[%clk 1:04:38]} 21. Nxc2 {[%clk
0:51:34]} Nc4 {[%clk 0:59:27]} 22. Qh2 {[%clk 0:51:38]} fxg6 {[%clk 0:53:50]} 23.
Rxg7+ {[%clk 0:50:15]} Kxg7 {[%clk 0:54:14]} 24. Qh6+ {[%clk 0:50:40]} Kf7 {[%clk
0:54:36]} 25. Qh7+ {[%clk 0:51:05]} Ke8 {[%clk 0:48:32]} 26. Qxg6+ {[%clk
0:51:24]} Rf7 {[%clk 0:49:02]} 27. Bg5 {[%clk 0:47:34]} Ne5 {[%clk 0:46:18]} 28.
Qg8+ {[%clk 0:44:51]} Rf8 {[%clk 0:45:16]} 29. Qxf8+ {[%clk 0:45:12]} Kxf8 {[%clk
0:45:41]} 30. Bxd8 {[%clk 0:45:39]} Rxd8 {[%clk 0:46:03]} 31. Nd4 {[%clk
0:46:01]} Ke7 {[%clk 0:39:32]} 32. g5 {[%clk 0:45:07]} Rf8 {[%clk 0:36:12]} 33.
Rf1 {[%clk 0:45:22]} Nc4 {[%clk 0:33:51]} 34. Rf2 {[%clk 0:40:21]} e5 {[%clk
0:33:25]} 35. Nb3 {[%clk 0:40:46]} Bg4 {[%clk 0:31:48]} 36. Rc2 {[%clk 0:40:41]}
Be6 {[%clk 0:31:54]} 37. Rf2 {[%clk 0:40:00]} d5 {[%clk 0:25:18]} 38. Nc5 {[%clk
0:34:47]} Rxf3 {[%clk 0:19:20]} 39. Rxf3 {[%clk 0:35:13]} Nd2+ {[%clk 0:19:44]}
40. Kc2 {[%clk 0:35:38]} Nxf3 {[%clk 0:20:08]} 41. Nxe6 {[%clk 0:35:52]} Kxe6
{[%clk 0:20:32]} 42. exd5+ {[%clk 0:36:05]} Kxd5 {[%clk 0:20:57]} 43. a3 {[%clk
0:36:25]} Nxg5 {[%clk 0:18:40]} 44. axb4 {[%clk 0:36:49]} Kc4 {[%clk 0:19:00]}
45. b5 {[%clk 0:37:00]} Kxb5 {[%clk 0:19:25]} 46. Kd3 {[%clk 0:37:12]} Kb4 {[%clk
0:19:35]} 47. Ke3 {[%clk 0:37:37]} Kb3 {[%clk 0:19:58]} 48. Kf2 {[%clk 0:38:04]}
Kxb2 {[%clk 0:19:58]} 0-1